000 01071nam a2200253Ia 4500
008 220216s9999 xx 000 0 und d
100 _aSuma N
245 0 _aImproved compatibility of NR/Butyl and NR/EPDM blends by precuring
260 _bIndian Journal of Natural Rubber Research
_c1992
300 _a238-244
520 _aIn order to improve the mechanical properties of NR/butyl rubber NR/EPDM rubber blends, the butyl and EPDM phases were precured to a low level and then blended with NR. The optimum level of precuring for obtaining maximum improvement in mechanical properties was determined. the blends prepared from precured butyl or EPDM with NR were found to possess superior mechanical properties when compared with their conventional blends.
650 _aBlends
650 _aBlends
650 _aButyl rubber
650 _aButyl rubber
650 _aCure compabibility
650 _aCure compabibility
650 _aEPDM
650 _aEPDM
650 _aNatural rubber
650 _aNatural rubber
700 _aJoseph R
942 _cAR
999 _c46951
_d46951